Name the States and Territories that Canada Borders - Statistics

General Stats
  • This quiz has been taken 10 times
  • The average score is 12 of 14
Answer Stats
Answer % Correct
Minnesota
100%
North Dakota
100%
Idaho
89%
Maine
89%
Michigan
89%
Montana
89%
New Hampshire
89%
New York
89%
Ohio
89%
Vermont
89%
Washington
89%
Alaska
78%
Pennsylvania
78%
Greenland
67%
No matching quizzes found
Score Distribution
Percent of People with Each Score
Percentile by Number Answered
Your Score History
You have not taken this quiz